[Event "Tournoi Skype 016B"]
[Site "Skype"]
[Date "????.??.??"]
[Round "4.25"]
[White "Lecluyse, Koenraad"]
[Black "Alverson, Ginny"]
[Result "1-0"]
[WhiteElo "1299"]
[BlackElo "1170"]
[PlyCount "31"]

1. d4 Nf6 2. Nf3 d5 3. e3 e6 4. Bd3 Bb4+ 5. c3 Be7 6. O-O O-O 7. Nbd2 Nc6 8. e4
dxe4 9. Nxe4 Nd7 10. Ne5 Ncxe5 11. dxe5 Nxe5 12. Bc2 Bd6 13. Qh5 Qe7 14. Bg5
Qd7 15. Nxd6 Qxd6 16. Qxh7# 1-0

[Event "Tournoi Skype 016B"]
[Site "Skype"]
[Date "????.??.??"]
[Round "4.27"]
[White "Talbot, Jean"]
[Black "Richmond, Aaron"]
[Result "1-0"]
[WhiteElo "1041"]
[BlackElo "1399"]
[PlyCount "57"]

1. e4 Nc6 2. d4 b5 3. d5 Ne5 4. Bxb5 c6 5. dxc6 Nxc6 6. Nf3 e6 7. O-O Bd6 8.
Qxd6 Qe7 9. Bf4 h5 10. Bxc6 dxc6 11. Qxc6+ Kf8 12. Qxa8 Qe8 13. Bd6+ Ne7 14.
Re1 Rh6 15. Bxe7+ Kg8 16. Bg5 Rg6 17. h4 a5 18. Qxa5 f6 19. Bf4 e5 20. Bh2 Ba6
21. Nc3 Rxg2+ 22. Kxg2 g5 23. hxg5 fxg5 24. Bxe5 g4 25. Ng5 g3 26. fxg3 Bc8 27.
Qd5+ Kf8 28. Nh7+ Ke7 29. Qd6+ 1-0

[Event "Tournoi Skype 016B"]
[Site "Skype"]
[Date "????.??.??"]
[Round "4.28"]
[White "Kruk, Clementine"]
[Black "Gagnon, Sindy"]
[Result "1/2-1/2"]
[WhiteElo "1107"]
[BlackElo "1000"]
[PlyCount "68"]

1. e4 e5 2. Nf3 d6 3. Bc4 Nf6 4. Ng5 Be6 5. Bxe6 fxe6 6. Nxe6 Qd7 7. Nxf8 Rxf8
8. Nc3 Nc6 9. d3 Ne7 10. f4 Qg4 11. Qxg4 Nxg4 12. Nd5 Ng6 13. Nxc7+ Kd7 14.
Nxa8 Nh4 15. g3 Ng2+ 16. Ke2 exf4 17. gxf4 Rxa8 18. Kf3 Ne1+ 19. Rxe1 Nxh2+ 20.
Kg3 Ng4 21. Kxg4 h5+ 22. Kxh5 Rh8+ 23. Kg6 Rg8 24. f5 Ke7 25. e5 dxe5 26. Rxe5+
Kd7 27. Bg5 Rc8 28. Rd5+ Kc6 29. Rd8 Rc7 30. d4 Kb5 31. a4+ Kb4 32. d5 Rxc2 33.
Kxg7 Rc7+ 34. Kg6 a5 1/2-1/2

[Event "Tournoi Skype 016B"]
[Site "Skype"]
[Date "????.??.??"]
[Round "4.30"]
[White "Moumtaz, Abderrahim"]
[Black "Letourneau, Judith"]
[Result "1-0"]
[WhiteElo "1018"]
[BlackElo "1000"]
[PlyCount "33"]

1. e4 e6 2. Nf3 d5 3. Nc3 Nf6 4. e5 Nh5 5. d4 Bb4 6. Bd2 Be7 7. Bd3 O-O 8. h4
c5 9. Bg5 Bxg5 10. Nxg5 Nc6 11. Qxh5 h6 12. dxc5 a6 13. Bh7+ Kh8 14. Nxf7+ Rxf7
15. Qxf7 Qxh4 16. Rxh4 a5 17. Rg4 1-0

[Event "Tournoi Skype 016B"]
[Site "Skype"]
[Date "????.??.??"]
[Round "5.1"]
[White "Sauvaget, Joel"]
[Black "Raheja, Shiv"]
[Result "0-1"]
[WhiteElo "1377"]
[BlackElo "1373"]
[PlyCount "60"]

1. d4 d5 2. Nf3 Nf6 3. e3 Nc6 4. Bd3 Bg4 5. h3 Bh5 6. Nbd2 e6 7. O-O Bd6 8. Qe1
a6 9. c3 Ne7 10. c4 c6 11. c5 Bc7 12. b4 Bg6 13. Bxg6 Nxg6 14. Bb2 O-O 15. Qb1
Qe8 16. Re1 a5 17. a3 Ne7 18. e4 dxe4 19. Nxe4 Nfd5 20. Neg5 g6 21. Bc1 Rb8 22.
Ne4 Kg7 23. Bd2 Nf5 24. Qc1 Qd8 25. g4 Nh4 26. Bh6+ Kg8 27. Nxh4 Qxh4 28. Bxf8
Kxf8 29. Kg2 Nf4+ 30. Kh2 Ne2+ 0-1

[Event "Tournoi Skype 016B"]
[Site "Skype"]
[Date "????.??.??"]
[Round "5.2"]
[White "Dubois, Real"]
[Black "Ramirez Reina, Orlando"]
[Result "1-0"]
[WhiteElo "1376"]
[BlackElo "1493"]
[PlyCount "79"]

1. d4 Nf6 2. e3 d5 3. Be2 e6 4. Nf3 c5 5. dxc5 Bxc5 6. c3 Nc6 7. O-O O-O 8. b4
Bd6 9. h3 a6 10. a4 Bd7 11. Nbd2 Qc7 12. Bb2 Ne5 13. Rc1 Nxf3+ 14. Nxf3 Rfc8
15. Qc2 Ne4 16. Qb3 Qb8 17. c4 dxc4 18. Bxc4 b5 19. axb5 axb5 20. Be2 Qb7 21.
Nd4 Nd2 22. Qd1 Nxf1 23. Kxf1 Rxc1 24. Qxc1 Rc8 25. Qa1 e5 26. Nf3 f6 27. Ne1
Bxb4 28. Nd3 Bd6 29. Qd1 Be6 30. Nc1 Bc4 31. Qxd6 Bxe2+ 32. Nxe2 Qc6 33. Qd2
Qc2 34. Qd5+ Kf8 35. Ba3+ Ke8 36. Qg8+ Kd7 37. Qxg7+ Ke6 38. Qe7+ Kd5 39. Qd7+
Ke4 40. Ng3# 1-0

[Event "Tournoi Skype 016B"]
[Site "Skype"]
[Date "????.??.??"]
[Round "5.3"]
[White "Picard, Mario"]
[Black "Le Brun, Yves"]
[Result "1/2-1/2"]
[WhiteElo "1254"]
[BlackElo "1449"]
[PlyCount "172"]

1. d4 Nf6 2. c4 e6 3. Bg5 Be7 4. Qc2 d5 5. cxd5 Nxd5 6. Bxe7 Qxe7 7. Nc3 c6 8.
Nxd5 exd5 9. e3 Qb4+ 10. Qc3 Qxc3+ 11. bxc3 Bf5 12. Ne2 Bd3 13. Ng3 Bxf1 14.
Rxf1 g6 15. Ke2 Nd7 16. Rfd1 O-O 17. Kf1 Nf6 18. f3 Rfe8 19. Re1 Re6 20. Re2
Rae8 21. Rae1 Kf8 22. Kf2 R8e7 23. a4 Ke8 24. Nf1 a5 25. Nd2 Kd8 26. Nb3 b6 27.
Nc1 Ne8 28. Nd3 f6 29. Nf4 Rd6 30. Nd3 Nc7 31. f4 Ne6 32. g3 c5 33. dxc5 Nxc5
34. Nxc5 bxc5 35. Rc1 f5 36. Rcc2 Re4 37. Kf3 Rxa4 38. Red2 Kc7 39. Rd3 Kc6 40.
h4 h5 41. Rcd2 Rc4 42. Kf2 a4 43. Ra2 d4 44. cxd4 cxd4 45. exd4 Kd5 46. Ke2
Re6+ 47. Kd2 Re4 48. Raa3 Rexd4 49. Rxd4+ Rxd4+ 50. Ke3 Kc5 51. Ra1 Rc4 52. Kd3
Kb5 53. Rb1+ Rb4 54. Rxb4+ Kxb4 55. Kc2 Kc4 56. Kb2 Kd3 57. Ka3 Ke3 58. Kxa4
Kf3 59. Kb4 Kxg3 60. Kc4 Kxf4 61. Kd4 Kg4 62. Ke3 Kg3 63. Ke2 f4 64. Kf1 Kxh4
65. Kg2 g5 66. Kf3 Kh3 67. Kf2 g4 68. Kf1 Kh2 69. Kf2 g3+ 70. Kf3 g2 71. Kxf4
g1=Q 72. Ke5 Qe1+ 73. Kd5 Kg3 74. Kd4 Kf3 75. Kd5 Qe4+ 76. Kc5 Ke3 77. Kd6 Kd4
78. Kd7 Kd5 79. Kc7 Qe6 80. Kb7 Qc6+ 81. Kb8 Kc5 82. Ka7 Kb5 83. Kb8 Qa6 84.
Kc7 Qg6 85. Kd7 Qg7+ 86. Ke6 Kc5 1/2-1/2

[Event "Tournoi Skype 016B"]
[Site "Skype"]
[Date "????.??.??"]
[Round "5.4"]
[White "Gerbaux, Regis"]
[Black "Yildirim, Cagri"]
[Result "0-1"]
[WhiteElo "1363"]
[BlackElo "1527"]
[PlyCount "38"]

1. e4 e5 2. Nf3 Nc6 3. Bc4 Nf6 4. Ng5 d5 5. exd5 Na5 6. Bb5+ c6 7. dxc6 bxc6 8.
Ba4 h6 9. Nf3 e4 10. Ne5 Qd4 11. Bxc6+ Nxc6 12. Nxc6 Qc5 13. Nxa7 Rxa7 14. O-O
Bd6 15. d3 O-O 16. Be3 Qe5 17. g3 Bg4 18. f3 exf3 19. Bxa7 f2+ 0-1

[Event "Tournoi Skype 016B"]
[Site "Skype"]
[Date "????.??.??"]
[Round "5.5"]
[White "Briere, Jean"]
[Black "Rivas, Jonathan"]
[Result "0-1"]
[WhiteElo "1460"]
[BlackElo "1379"]
[PlyCount "146"]

1. e4 e6 2. d4 d6 3. Nf3 Nc6 4. Nc3 Nf6 5. Bb5 Bd7 6. O-O a6 7. Bd3 g6 8. e5
dxe5 9. dxe5 Nd5 10. Bd2 Bg7 11. Nxd5 exd5 12. Re1 O-O 13. Bc3 Be6 14. Nd4 Ne7
15. b4 Nf5 16. Nxf5 Bxf5 17. Qf3 Be6 18. Rad1 Qd7 19. Be4 c6 20. Bb2 Bg4 21.
Qe3 Bxd1 22. Rxd1 Qe6 23. Bf3 Rad8 24. Bd4 Qf5 25. Bb6 Rd7 26. Qc3 Bxe5 27. Bd4
Bxd4 28. Rxd4 Qg5 29. Qd2 Re8 30. Kf1 Qxd2 31. Rxd2 Rde7 32. Rd1 d4 33. g3 Rd8
34. a4 Re5 35. Be2 Rde8 36. Bd3 b6 37. Bxa6 Ra8 38. Bb7 Rxa4 39. Rxd4 c5 40.
Rd8+ Kg7 41. bxc5 bxc5 42. Rd1 Rd4 43. Bf3 Rxd1+ 44. Bxd1 c4 45. Be2 c3 46. f4
Ra5 47. Kf2 Kf6 48. g4 h6 49. h4 Ra4 50. Ke3 Ke7 51. Bd3 Kd6 52. Be4 Kc5 53.
Kd3 Rd4+ 54. Ke3 Rd2 55. g5 hxg5 56. hxg5 Rd6 57. Kf3 Kb4 58. Bd3 Ka3 59. Ke3
Kb2 60. Ke2 Re6+ 61. Kf2 Kc1 62. Kf1 Kd2 63. Kf2 Rd6 64. Be4 Re6 65. Bd3 Re1
66. f5 gxf5 67. Bxf5 Rc1 68. Kf3 Rxc2 69. Bxc2 Kxc2 70. Kf4 Kd3 71. Kf5 c2 72.
Kf6 c1=Q 73. Kxf7 Qxg5 0-1

[Event "Tournoi Skype 016B"]
[Site "Skype"]
[Date "????.??.??"]
[Round "5.6"]
[White "Talbot, Jacques"]
[Black "Hargez, Dany"]
[Result "0-1"]
[WhiteElo "1444"]
[BlackElo "1361"]
[PlyCount "72"]

1. e4 e5 2. Nf3 Nf6 3. Nxe5 d5 4. Bd3 dxe4 5. Bxe4 Qd4 6. O-O Nxe4 7. d3 Qxe5
8. dxe4 Bd6 9. f4 Bc5+ 10. Kh1 Qe7 11. Nc3 O-O 12. Nd5 Qd7 13. f5 Be7 14. Qg4
c6 15. Nxe7+ Qxe7 16. Bg5 f6 17. Bh4 Nd7 18. Rae1 Ne5 19. Qg3 b5 20. Qb3+ Nc4
21. e5 Qf7 22. e6 Qe7 23. g4 Nd2 24. Qg3 Nxf1 25. Rxf1 c5 26. g5 Bb7+ 27. Kg1
c4 28. h3 Rad8 29. gxf6 Rxf6 30. Bxf6 Qxf6 31. Qc7 Qd4+ 32. Kh2 Qd2+ 33. Kg3
Qg2+ 34. Kh4 Rd4+ 35. Kh5 Qxh3+ 36. Kg5 Qh6# 0-1

[Event "Tournoi Skype 016B"]
[Site "Skype"]
[Date "????.??.??"]
[Round "5.8"]
[White "De Nobrega, George"]
[Black "Lemoine, Gerard"]
[Result "1-0"]
[WhiteElo "1399"]
[BlackElo "1178"]
[PlyCount "83"]

1. e4 e6 2. Nf3 d5 3. exd5 exd5 4. d4 c5 5. Nc3 Nc6 6. dxc5 Bxc5 7. Qxd5 Bb4 8.
Qxd8+ Nxd8 9. Bd2 Bg4 10. Ne5 Nf6 11. Bb5+ Ke7 12. Nxg4 Bxc3 13. Bxc3 Nxg4 14.
Bxg7 Rg8 15. Bc3 Nf6 16. O-O Nc6 17. Rfe1+ Kd6 18. Bxf6 a6 19. Rad1+ Kc5 20.
Bxc6 Kxc6 21. Re7 Rgd8 22. Rxd8 Rxd8 23. Re6+ fxe6 24. Bxd8 Kc5 25. f4 Kd5 26.
Kf2 Ke4 27. Bc7 b5 28. g4 a5 29. Bxa5 Kxf4 30. h3 e5 31. Bc7 Ke4 32. b3 Kd5 33.
a4 e4 34. axb5 Kc5 35. b6 Kc6 36. h4 Kb7 37. g5 Kc8 38. h5 Kd7 39. g6 hxg6 40.
hxg6 e3+ 41. Ke2 Kc6 42. g7 1-0

[Event "Tournoi Skype 016B"]
[Site "Skype"]
[Date "????.??.??"]
[Round "5.9"]
[White "Hague, Mark"]
[Black "Sepulveda, Lyda Marcela"]
[Result "1-0"]
[WhiteElo "1419"]
[BlackElo "1246"]
[PlyCount "39"]

1. d4 d5 2. c4 e6 3. Nc3 Nf6 4. cxd5 exd5 5. Bg5 Nbd7 6. e3 Be7 7. Bd3 O-O 8.
Nf3 b6 9. a3 Bb7 10. b4 c5 11. bxc5 bxc5 12. O-O c4 13. Bf5 a6 14. Rb1 Rb8 15.
Bf4 Bxa3 16. Bxb8 Qxb8 17. Qa4 Bd6 18. Bxd7 Nxd7 19. Qxd7 Rd8 20. Qxb7 1-0

[Event "Tournoi Skype 016B"]
[Site "Skype"]
[Date "????.??.??"]
[Round "5.10"]
[White "Perrone, Gabriel Lorenzo"]
[Black "Martin, Jean-Claude"]
[Result "1-0"]
[WhiteElo "1404"]
[BlackElo "1307"]
[PlyCount "29"]

1. f4 d5 2. Nf3 e6 3. e3 Bd6 4. b3 Nf6 5. Bb2 O-O 6. d3 Nc6 7. Nbd2 h6 8. Be2
Ng4 9. Nf1 Re8 10. h3 Nf6 11. Ne5 Bxe5 12. fxe5 Nh5 13. Bxh5 Qh4+ 14. g3 Qxh5
15. Qxh5 1-0

[Event "Tournoi Skype 016B"]
[Site "Skype"]
[Date "????.??.??"]
[Round "5.12"]
[White "Karia, Kirti"]
[Black "Cossalter, Maurizio"]
[Result "1-0"]
[WhiteElo "1332"]
[BlackElo "1503"]
[PlyCount "65"]

1. e4 c5 2. Nc3 Nc6 3. Nf3 e6 4. d4 cxd4 5. Nxd4 Nf6 6. Ndb5 d6 7. Bf4 e5 8.
Bg5 Be7 9. Bxf6 gxf6 10. Nd5 O-O 11. Nxe7+ Nxe7 12. Qxd6 Ng6 13. Bc4 a6 14.
Qxd8 Rxd8 15. Nc7 Rb8 16. Nd5 Rd6 17. O-O-O Kg7 18. Ne3 Rxd1+ 19. Rxd1 b5 20.
Bf1 Be6 21. Rd6 Ra8 22. b3 Ra7 23. a4 Nh4 24. axb5 axb5 25. Bxb5 Ra1+ 26. Kb2
Rg1 27. g3 Nf3 28. b4 Nxh2 29. Bc6 Ng4 30. Nxg4 Bxg4 31. b5 Rd1 32. Rxd1 Bxd1
33. b6 1-0

[Event "Tournoi Skype 016B"]
[Site "Skype"]
[Date "????.??.??"]
[Round "5.13"]
[White "Morin, Claude"]
[Black "Gieschen, Mike"]
[Result "0-1"]
[WhiteElo "1399"]
[BlackElo "1338"]
[PlyCount "130"]

1. e4 c5 2. Nf3 Nc6 3. Bc4 Nf6 4. d3 e6 5. a3 d5 6. exd5 exd5 7. Bb3 Bg4 8.
Nbd2 Bd6 9. O-O O-O 10. c4 d4 11. Qc2 b6 12. Ba2 Qc7 13. b4 cxb4 14. axb4 Nxb4
15. Qb3 Bxf3 16. Nxf3 a5 17. Nxd4 Bxh2+ 18. Kh1 Nxa2 19. Qxa2 Be5 20. Bb2 Bxd4
21. Bxd4 Ng4 22. g3 Qd6 23. c5 Qxd4 24. Rae1 Nxf2+ 25. Rxf2 Qxc5 26. Qe2 Rae8
27. Qf1 Rxe1 28. Qxe1 Qd5+ 29. Qe4 Qxe4+ 30. dxe4 Re8 31. Rb2 Re6 32. Rc2 f6
33. Rc8+ Kf7 34. Rc7+ Re7 35. Rc8 Rxe4 36. Rc7+ Re7 37. Rc8 g5 38. Rb8 Re6 39.
Rh8 Kg7 40. Rc8 h5 41. Rc7+ Kg6 42. Rc8 h4 43. Rg8+ Kh7 44. Rc8 hxg3 45. Rc7+
Kg6 46. Rc8 Re2 47. Rg8+ Kf5 48. Rb8 g2+ 49. Kh2 Kf4 50. Rxb6 Kf3 51. Rxf6+ Kg4
52. Rh6 Kf3 53. Rh3+ Kg4 54. Rg3+ Kf4 55. Rxg2 Rxg2+ 56. Kxg2 a4 57. Kf1 a3 58.
Ke2 a2 59. Kf2 a1=Q 60. Kg2 Qc3 61. Kf2 Qd3 62. Kg2 Qe3 63. Kf1 Qd2 64. Kg1 Kg3
65. Kf1 Qf2# 0-1

[Event "Tournoi Skype 016B"]
[Site "Skype"]
[Date "????.??.??"]
[Round "5.14"]
[White "Cengiz, Cem"]
[Black "Sahrane, Juba"]
[Result "1-0"]
[WhiteElo "1306"]
[BlackElo "1399"]
[PlyCount "67"]

1. e4 Nc6 2. d4 d6 3. Nf3 e6 4. Nc3 Nf6 5. Bf4 Be7 6. Qd2 O-O 7. O-O-O a6 8. g3
Bd7 9. Bg2 h6 10. h4 Re8 11. Rhe1 d5 12. exd5 exd5 13. Ne5 Nxe5 14. Bxe5 Bg4
15. f3 Bf5 16. Bxf6 Bxf6 17. Rxe8+ Qxe8 18. Nxd5 Qc6 19. f4 Rd8 20. Ne7+ Bxe7
21. Bxc6 Bf6 22. Bxb7 Rxd4 23. Qa5 Rc4 24. Qxf5 Rb4 25. c3 Rxb7 26. Qc8+ Kh7
27. Qxb7 g5 28. Qxc7 Kg6 29. Qb6 gxh4 30. gxh4 Kh5 31. Qxf6 a5 32. Qxf7+ Kxh4
33. Qg7 Kh5 34. Rh1# 1-0

[Event "Tournoi Skype 016B"]
[Site "Skype"]
[Date "????.??.??"]
[Round "5.15"]
[White "Torres, Vicky"]
[Black "Lecluyse, Koenraad"]
[Result "1-0"]
[WhiteElo "1399"]
[BlackElo "1299"]
[PlyCount "73"]

1. c4 c5 2. Nc3 Nc6 3. g3 e5 4. Bg2 d6 5. e3 Nf6 6. Nge2 Be7 7. O-O O-O 8. f4
e4 9. Nxe4 Bg4 10. Nxf6+ Bxf6 11. Qe1 Bxe2 12. Qxe2 Re8 13. f5 Qd7 14. Be4 Rxe4
15. d3 Re7 16. Rf4 Ne5 17. Rb1 Qc6 18. e4 b5 19. b3 b4 20. Bb2 a5 21. a4 Ng6
22. fxg6 hxg6 23. Bxf6 gxf6 24. Rxf6 Kg7 25. Rf4 Qd7 26. Rbf1 Rh8 27. Qg4 Qe8
28. Qg5 Qd7 29. Qf6+ Kg8 30. Rh4 Rxh4 31. Qxh4 Qe6 32. Rf6 Qe5 33. Kg2 Kg7 34.
Rf3 Qb2+ 35. Rf2 Qxb3 36. Qxe7 Qxd3 37. Qxf7+ 1-0

[Event "Tournoi Skype 016B"]
[Site "Skype"]
[Date "????.??.??"]
[Round "5.16"]
[White "Kayali, Furkan"]
[Black "Tamditi, Ibrahim"]
[Result "1-0"]
[WhiteElo "1377"]
[BlackElo "1296"]
[PlyCount "29"]

1. e4 e5 2. Nf3 Bc5 3. Bc4 Nc6 4. d3 Nf6 5. Be3 Bxe3 6. fxe3 O-O 7. Nc3 a6 8.
a4 d6 9. d4 exd4 10. exd4 Re8 11. e5 dxe5 12. dxe5 Ng4 13. h3 Ncxe5 14. Qxd8
Nxc4+ 15. Qxe8# 1-0

[Event "Tournoi Skype 016B"]
[Site "Skype"]
[Date "????.??.??"]
[Round "5.17"]
[White "Milanese, Serge"]
[Black "Khatanhar, Mohit"]
[Result "1-0"]
[WhiteElo "1342"]
[BlackElo "1265"]
[PlyCount "35"]

1. e4 e5 2. Nf3 d6 3. Bc4 Qe7 4. d3 h6 5. Nc3 c6 6. O-O Be6 7. Bb3 Bxb3 8. cxb3
Nf6 9. d4 Qd7 10. d5 Be7 11. h3 O-O 12. Nh4 Nh7 13. Nf5 f6 14. Nxh6+ gxh6 15.
Bxh6 Rf7 16. Qh5 Qc7 17. Rac1 Kh8 18. Qxf7 1-0

[Event "Tournoi Skype 016B"]
[Site "Skype"]
[Date "????.??.??"]
[Round "5.18"]
[White "Ruiz Gomez, Luz Alba"]
[Black "Amato, Ludovica"]
[Result "0-1"]
[WhiteElo "1339"]
[BlackElo "1188"]
[PlyCount "88"]

1. d4 d6 2. c4 Nf6 3. Nc3 Nc6 4. Nf3 e5 5. d5 Nb4 6. e4 Be7 7. Bg5 O-O 8. Be2
h6 9. Bxf6 Bxf6 10. O-O c6 11. a3 Na6 12. Qa4 cxd5 13. Nxd5 Bd7 14. Qc2 Nc7 15.
Nxf6+ Qxf6 16. Rfd1 Rad8 17. Qb3 b6 18. Rac1 Bc6 19. Bd3 Rfe8 20. Qc2 Ne6 21.
g3 Qxf3 22. b4 Ng5 23. Bf1 Bd7 24. Bg2 Nh3+ 25. Kf1 Qxa3 26. Rb1 Ba4 27. Qxa4
Qxa4 28. Bxh3 Qc2 29. Bf5 Qxc4+ 30. Kg1 g6 31. Rdc1 Qe2 32. Re1 Qh5 33. g4 Qg5
34. Ra1 gxf5 35. exf5 Qxg4+ 36. Kh1 Qxf5 37. Rg1+ Kf8 38. Raf1 Qf3+ 39. Rg2 Ke7
40. Kg1 Rg8 41. Rg3 h5 42. h4 Rxg3+ 43. fxg3 Qxg3+ 44. Kh1 Rg8 0-1

[Event "Tournoi Skype 016B"]
[Site "Skype"]
[Date "????.??.??"]
[Round "5.19"]
[White "Farfallini, Michel"]
[Black "Bouffard, Georges"]
[Result "1-0"]
[WhiteElo "1278"]
[BlackElo "1399"]
[PlyCount "97"]

1. e4 e5 2. Nf3 Nc6 3. Bc4 h6 4. O-O d6 5. d4 Nf6 6. dxe5 dxe5 7. Qe2 Bd6 8.
Nc3 Be6 9. Bxe6 fxe6 10. Qc4 Qe7 11. a3 a6 12. b4 Na7 13. Bb2 c6 14. a4 O-O 15.
Na2 b5 16. axb5 axb5 17. Qb3 Nxe4 18. Bxe5 Bxe5 19. Nxe5 Rf6 20. Qd3 Rd8 21.
Qxe4 Qe8 22. Nc3 Nc8 23. Nxc6 Nd6 24. Rad1 Nb7 25. Nxd8 Nxd8 26. Qd3 Nc6 27.
Qxb5 e5 28. Nd5 Rf8 29. Qc4 Kh7 30. Qe4+ g6 31. Nf6+ Rxf6 32. Rd3 Rf4 33. Qd5
Rd4 34. Rxd4 Nxd4 35. Qb7+ Kh8 36. Qc7 Kg8 37. Ra1 Nc6 38. Qb7 Kf8 39. Ra8 Nd8
40. Qc7 Ne6 41. Rxe8+ Kxe8 42. Qxe5 Kf7 43. b5 Ke7 44. b6 Kd7 45. b7 g5 46.
b8=Q Ke7 47. Qb7+ Kf8 48. Qeb8+ Nd8 49. Qxd8# 1-0

[Event "Tournoi Skype 016B"]
[Site "Skype"]
[Date "????.??.??"]
[Round "5.21"]
[White "Melin, Christiane"]
[Black "Vervoort, Jean-Louis"]
[Result "0-1"]
[WhiteElo "1144"]
[BlackElo "1293"]
[PlyCount "38"]

1. d4 d5 2. h3 e6 3. Nf3 Nf6 4. e3 Bd6 5. Bd3 O-O 6. O-O c5 7. c3 c4 8. Be2 Nc6
9. Nbd2 b6 10. b4 cxb3 11. axb3 e5 12. Ba3 Re8 13. e4 Bc7 14. b4 exd4 15. Ng5
Qd6 16. Ngf3 dxc3 17. Nb1 Ne5 18. Nxc3 Nxf3+ 19. Bxf3 Qh2# 0-1

[Event "Tournoi Skype 016B"]
[Site "Skype"]
[Date "????.??.??"]
[Round "5.22"]
[White "Talbot, Jean"]
[Black "Vincent, Andre"]
[Result "0-1"]
[WhiteElo "1041"]
[BlackElo "1404"]
[PlyCount "46"]

1. e4 c5 2. Nf3 Nc6 3. Bc4 d6 4. d4 cxd4 5. Nxd4 Nf6 6. Nxc6 bxc6 7. Nc3 e6 8.
O-O Be7 9. Re1 O-O 10. e5 dxe5 11. Qxd8 Rxd8 12. Rxe5 h6 13. h3 Rb8 14. b3 a5
15. Rxa5 Bb4 16. Ra6 Bxa6 17. Bxa6 Bxc3 18. Rb1 Rd1+ 19. Kh2 Bd2 20. a3 Rxc1
21. Rb2 Bf4+ 22. g3 Be5 23. Ra2 Ra1 0-1

[Event "Tournoi Skype 016B"]
[Site "Skype"]
[Date "????.??.??"]
[Round "5.23"]
[White "Bhandari, Dattatrey"]
[Black "Martin, Elise"]
[Result "1-0"]
[WhiteElo "1399"]
[BlackElo "1114"]
[PlyCount "53"]

1. e4 e5 2. c3 d6 3. d4 Nf6 4. Bg5 Be7 5. Nd2 Nbd7 6. Ngf3 b6 7. Bd3 Bb7 8. d5
Nc5 9. Bb5+ c6 10. dxc6 Bc8 11. c7+ Bd7 12. cxd8=Q+ Rxd8 13. Bxd7+ Rxd7 14.
Bxf6 Bxf6 15. Nc4 O-O 16. O-O Be7 17. Re1 d5 18. exd5 e4 19. Nfe5 Bf6 20. Nxd7
Rd8 21. Nxf6+ gxf6 22. d6 f5 23. Qh5 Rd7 24. Qxf5 Rb7 25. Re3 b5 26. Rg3+ Kf8
27. Qc8# 1-0

[Event "Tournoi Skype 016B"]
[Site "Skype"]
[Date "????.??.??"]
[Round "5.24"]
[White "Blaevoet, Rebecca"]
[Black "Farthouat, Catherine"]
[Result "0-1"]
[WhiteElo "1273"]
[BlackElo "1071"]
[PlyCount "68"]

1. e4 e5 2. Nf3 Nf6 3. d3 Nc6 4. Be2 Bc5 5. O-O O-O 6. h4 d6 7. c4 h6 8. Nc3
Bg4 9. b3 a6 10. a4 Bxf3 11. Bxf3 Bd4 12. Bb2 Re8 13. Qc2 Nb4 14. Qc1 Nxd3 15.
Qd2 Nf4 16. Bd1 Bxc3 17. Bxc3 Nxe4 18. Qe3 Nxc3 19. Bc2 Nce2+ 20. Kh2 Qxh4+ 21.
Qh3 Nxh3 22. gxh3 Nf4 23. Bf5 g6 24. Rg1 Qxf2+ 25. Kh1 Kh7 26. Be4 Nxh3 27. Rg2
Qh4 28. Bxb7 Rab8 29. Bxa6 Rxb3 30. Bb5 Rg3 31. Rf1 Rxg2 32. Rxf7+ Kg8 33. Bxe8
Rg1+ 34. Kh2 Qg3# 0-1

[Event "Tournoi Skype 016B"]
[Site "Skype"]
[Date "????.??.??"]
[Round "5.25"]
[White "Rival, Jocelyn"]
[Black "Douichi, Mohammed"]
[Result "0-1"]
[WhiteElo "1040"]
[BlackElo "1176"]
[PlyCount "130"]

1. e4 e5 2. Bc4 c5 3. Qf3 Nf6 4. d3 h6 5. Qe3 Ng4 6. Qg3 d6 7. Nf3 Nc6 8. O-O
Be7 9. Nc3 Nd4 10. Nxd4 exd4 11. Nd5 Bh4 12. Qf4 O-O 13. g3 Bg5 14. Qf3 Bf6 15.
Nxf6+ Nxf6 16. Qf4 Bh3 17. Re1 Re8 18. a3 Qc7 19. b4 Qc6 20. f3 Re5 21. Qh4 Bd7
22. f4 Rh5 23. Qxf6 gxf6 24. f5 Rh3 25. Bf4 Bxf5 26. exf5 b5 27. Bb3 c4 28.
dxc4 bxc4 29. Bxc4 Qxc4 30. Rac1 Qc5 31. bxc5 dxc5 32. Bd6 Rd8 33. Bxc5 Rh5 34.
g4 Rh3 35. Bxa7 Rxa3 36. Bb6 Rf3 37. Bxd8 Kg7 38. Re8 Rf4 39. Rd1 Rxg4+ 40. Kf2
Rf4+ 41. Kg3 Rxf5 42. Kg4 Rg5+ 43. Kf4 Rd5 44. Be7 Re5 45. Bf8+ Kg8 46. Bd6+
Rxe8 47. Rxd4 Re6 48. Bc5 Rc6 49. Rd8+ Kg7 50. Bf8+ Kg6 51. Rd2 h5 52. Rg2+ Kh7
53. Rg7+ Kh8 54. Rxf7 Rc4+ 55. Kf5 Rc6 56. Bg7+ Kg8 57. Rf8+ Kxg7 58. Re8 Rxc2
59. Re1 Rxh2 60. Re7+ Kf8 61. Kxf6 Rf2+ 62. Ke6 Re2+ 63. Kf6 Rxe7 64. Kg5 Rh7
65. Kf4 h4 0-1

[Event "Tournoi Skype 016B"]
[Site "Skype"]
[Date "????.??.??"]
[Round "5.26"]
[White "Alverson, Ginny"]
[Black "Moumtaz, Abderrahim"]
[Result "0-1"]
[WhiteElo "1170"]
[BlackElo "1018"]
[PlyCount "72"]

1. Nf3 d5 2. d4 Nf6 3. e3 Nc6 4. Bb5 Bd7 5. O-O e6 6. Nbd2 a6 7. Bxc6 Bxc6 8.
Ne5 Bb5 9. Re1 Bd6 10. c4 Bc6 11. c5 Bxe5 12. dxe5 Nd7 13. Qg4 O-O 14. e4 Nxe5
15. Qf4 Ng6 16. Qg3 dxe4 17. Nxe4 e5 18. Bg5 Qe8 19. Nf6+ gxf6 20. Bh6 Ba4 21.
Bxf8 Kxf8 22. Re4 Bc2 23. Rc4 Ba4 24. c6 Bb5 25. Rc5 Bxc6 26. Rd1 Rc8 27. Rc4
Bb5 28. Rg4 Be2 29. Re1 Bxg4 30. Qxg4 c5 31. Qh5 Kg7 32. Re4 Qd8 33. Qe2 f5 34.
Re3 c4 35. Qf3 Qd4 36. Re2 Qd1+ 0-1

[Event "Tournoi Skype 016B"]
[Site "Skype"]
[Date "????.??.??"]
[Round "5.27"]
[White "Richmond, Aaron"]
[Black "Kruk, Clementine"]
[Result "0-1"]
[WhiteElo "1399"]
[BlackElo "1107"]
[PlyCount "22"]

1. e4 e5 2. Nf3 Nc6 3. Bd3 Bc5 4. O-O d6 5. b3 Bg4 6. Qe1 Bxf3 7. Bb2 Bd4 8. c3
Qg5 9. g3 Qg4 10. cxd4 Qh3 11. Bc4 Qg2# 0-1

[Event "Tournoi Skype 016B"]
[Site "Skype"]
[Date "????.??.??"]
[Round "5.28"]
[White "Gagnon, Sindy"]
[Black "Paquay, Renaud"]
[Result "0-1"]
[WhiteElo "1000"]
[BlackElo "1241"]
[PlyCount "58"]

1. e4 c6 2. Nc3 d5 3. d3 d4 4. Nce2 e5 5. Nf3 Bg4 6. Nxe5 Bh5 7. c3 dxc3 8.
Nxc3 Bxd1 9. Nxd1 Qf6 10. Ng4 Bb4+ 11. Bd2 Bxd2+ 12. Kxd2 Qf4+ 13. Nde3 Nf6 14.
g3 Qg5 15. h4 Qa5+ 16. b4 Qxb4+ 17. Kc2 Nxg4 18. Nxg4 Qd4 19. Re1 Na6 20. e5
O-O-O 21. Kb3 Qb4+ 22. Kc2 Qxe1 23. Nh2 Nb4+ 24. Kb3 Rd4 25. Nf3 Qd1+ 26. Kc3
Qxf3 27. Bg2 Qxd3+ 28. Kb2 Qc2+ 29. Ka3 Qxa2# 0-1

[Event "Tournoi Skype 016B"]
[Site "Skype"]
[Date "????.??.??"]
[Round "5.29"]
[White "Marty, Yvette"]
[Black "Letourneau, Judith"]
[Result "0-1"]
[WhiteElo "1000"]
[BlackElo "1000"]
[PlyCount "36"]

1. e4 e6 2. d4 d5 3. Nc3 Nf6 4. e5 Ng4 5. Qe2 h5 6. g3 b6 7. Bg2 Ba6 8. Qf3 Be7
9. Nh3 O-O 10. Ng5 Bxg5 11. Bxg5 Qxg5 12. h3 Nc6 13. h4 Qh6 14. Rd1 b5 15. a3
Rab8 16. Qd3 b4 17. axb4 Nxb4 18. Qxa6 Nxa6 0-1

[Event "Tournoi Skype 016B"]
[Site "Skype"]
[Date "????.??.??"]
[Round "6.1"]
[White "Raheja, Shiv"]
[Black "Dubois, Real"]
[Result "1/2-1/2"]
[WhiteElo "1373"]
[BlackElo "1376"]
[PlyCount "82"]

1. e4 e5 2. Bc4 Nf6 3. Nf3 h6 4. Nxe5 d5 5. exd5 Nxd5 6. Qh5 Be6 7. Nc3 Nd7 8.
d4 N7f6 9. Qe2 Be7 10. O-O c6 11. a3 Nc7 12. Rd1 O-O 13. Qe3 Nfd5 14. Qg3 Bg5
15. Ne4 Bxc1 16. Raxc1 Ne8 17. Ng4 f5 18. Nxh6+ Kh8 19. Nc5 Bc8 20. Re1 Qf6 21.
Nd3 Qxh6 22. Ne5 Kg8 23. Rcd1 Nef6 24. h3 Ne4 25. Qb3 Nd2 26. Qd3 Nxc4 27. Nxc4
Bd7 28. Ne5 Qd6 29. c4 Nf6 30. c5 Qd5 31. Ng6 Rfe8 32. Ne7+ Rxe7 33. Rxe7 Re8
34. Rxe8+ Nxe8 35. Re1 Qf7 36. b4 Be6 37. b5 Bc4 38. Qc3 Bxb5 39. Qb4 Bc4 40.
Rxe8+ Qxe8 41. Qxc4+ Qf7 1/2-1/2

[Event "Tournoi Skype 016B"]
[Site "Skype"]
[Date "????.??.??"]
[Round "6.2"]
[White "Yildirim, Cagri"]
[Black "Sauvaget, Joel"]
[Result "1-0"]
[WhiteElo "1527"]
[BlackElo "1377"]
[PlyCount "31"]

1. e4 e5 2. f4 d6 3. Nf3 Nc6 4. Bc4 h6 5. O-O Nf6 6. Nc3 Be7 7. d4 exd4 8. Nxd4
Nxd4 9. Qxd4 O-O 10. Rf3 b6 11. Be3 Ng4 12. Nd5 Nxe3 13. Rxe3 Bb7 14. Nxe7+
Qxe7 15. Rg3 g6 16. Rxg6+ 1-0